Plavu (Record no. 137378)

MARC details
000 -LEADER
fixed length control field 00502nam a22001937a 4500
003 - CONTROL NUMBER IDENTIFIER
control field OSt
005 - DATE AND TIME OF LATEST TRANSACTION
control field 20250814161345.0
008 - FIXED-LENGTH DATA ELEMENTS--GENERAL INFORMATION
fixed length control field 250814b |||||||| |||| 00| 0 eng d
020 ## - INTERNATIONAL STANDARD BOOK NUMBER
International Standard Book Number 978-81-8266-560-6
040 ## - CATALOGING SOURCE
Transcribing agency SBCL
082 ## - DEWEY DECIMAL CLASSIFICATION NUMBER
Classification number 634.6
Item number JAY-P
100 ## - MAIN ENTRY--PERSONAL NAME
Personal name Jayan,K R
245 ## - TITLE STATEMENT
Title Plavu
250 ## - EDITION STATEMENT
Edition statement 2nd ed.
260 ## - PUBLICATION, DISTRIBUTION, ETC.
Place of publication, distribution, etc. Kozhikode
Name of publisher, distributor, etc. Mathrubhumi Books
Date of publication, distribution, etc. 2015
300 ## - PHYSICAL DESCRIPTION
Extent 104p.
650 ## - SUBJECT ADDED ENTRY--TOPICAL TERM
Topical term or geographic name entry element Agriculture and related technologies
942 ## - ADDED ENTRY ELEMENTS (KOHA)
Koha item type BOOK
650 ## - SUBJECT ADDED ENTRY--TOPICAL TERM
Source of heading or term Technology
Form subdivision Orchards, fruits, forestry
Holdings
Withdrawn status Lost status Source of classification or shelving scheme Damaged status Not for loan Home library Current library Date acquired Total Checkouts Full call number Barcode Shelving location Date last seen Price effective from Koha item type
    Dewey Decimal Classification     SB LIBRARY SB LIBRARY 14/08/2025   634.6 JAY-P 00138921 GENERAL STACK 14/08/2025   BOOK

Powered by Koha